Grey's Anatomy surgical specializations Quiz Stats

 Plays Quiz not verified by Sporcle

Challenge
Share
Tweet
Embed
Score 0/12 Timer 05:00
1 Play Today
Character Specialization % Correct
Mark SloanPlastic surgery
98.3%
Miranda BaileyGeneral surgery
96.3%
Richard WebberGeneral surgery
84.1%
Derek ShepherdNeurosurgery
83.9%
Arizona RobbinsPediatric surgery
83.2%
Owen HuntTrauma surgery
78.2%
Ellis GreyGeneral surgery
77.1%
Callie TorresOrthopedic surgery
73.7%
Addison MontgomeryNeonatal surgery
53.7%
Preston BurkeCardiothoracic surgery
51.8%
Virginia DixonCardiac surgery
51.1%
Erica HahnCardiothoracic surgery
50.4%

You're not logged in!

Compare scores with friends on all Sporcle quizzes.
Join for Free
OR
Log In

You Might Also Like...

Show Comments

Extras

Top Quizzes Today


Score Distribution

Your Account Isn't Verified!

In order to create a playlist on Sporcle, you need to verify the email address you used during registration. Go to your Sporcle Settings to finish the process.

Report this User

Report this user for behavior that violates our Community Guidelines.

Details: